000 01117cam a22003134a 4500
005 20260322212031.0
008 data
010 _a 2006003426
020 _a079225922X (hardcover)
020 _a0792259238 (library binding)
020 _a9780792259220 (hardcover)
020 _a9780792259237 (library binding)
040 _aDLC
_cDLC
_dDLC
042 _apcc
050 0 0 _aBL1239.82.D58
_bH45 2006
082 0 0 _a294.5/36
_222
092 _a294.5 H45 2006
100 1 _aHeiligman, Deborah.
245 1 0 _aCelebrate Diwali /
_cDeborah Heiligman & Vasudha Narayanan.
260 _aWashington, D.C. :
_bNational Geographic,
_cc2006.
300 _a32 p. :
_bcol. ill., maps ;
_c27 cm.
490 1 _aHolidays around the world
650 0 _aDivali
_vJuvenile literature.
700 1 _aNarayanan, Vasudha.
830 0 _aHolidays around the world (National Geographic Society (U.S.))
856 4 2 _3Contributor biographical information
_uhttp://www.loc.gov/catdir/enhancements/fy0643/2006003426-b.html
856 4 2 _3Publisher description
_uhttp://www.loc.gov/catdir/enhancements/fy0643/2006003426-d.html
001 data
999 _c717
_d717